000
00345pab a2200157 454500
008
180718b2013 xxu||||| |||| 00| 0 eng d
100
_a
Menon-Sen, Kalyani
245
_a
A place in the city
260
_c
2013
300
_a
p.32-35.
362
_a
Aug
650
_a
Urban development
773
_a
Seminar
908
_a
N
909
_a
100994
999
_c
100993
_d
100993